000 00376nam a2200157 4500
001 1074
005 20181127162645.0
020 0 0 _a9789993678106
090 0 0 _a895.1 T313e 2009
100 0 0 _aTenzin, Kuenga.
245 0 0 _aEnsnared :
_bA novel from Bhutan /
_cKuenga Tenzin.
_h
260 0 0 _a
_bNP,
_c2009.
300 0 0 _a133 p.
500 0 0 _aIn English.
650 0 0 _aBhutan --fiction.
_x
999 _c758
_d758